000 00452nam a2200181Ia 4500
001 22241
005 20260414150818.0
008 260414t2012||||xx |||||||||||||| ||spa||
041 _aESP
082 _a621.3
_bC28
100 _aCarrasco Hernández, Miguel Ángel
_eAUT
245 0 _aInstalaciones eléctricas básicas
_b
260 _c2012
300 _axv, 232 páginas :
_c27 cm.
650 _aTCA
654 _aCET
942 _cLIB
_dJUS
_fJUS
_2ddc
_n
999 _c22241
_d22241